000 00849nam a22002777i 4500
003 DO-SdBNP
005 20250606130001.0
007 ta
008 250606b2012 |||||||| |||| 00| 0 spa d
020 _a9789945008326
040 _aDO-SdBNP
_bspa
_cBNPHU
_erda
041 _hsp
082 _axxx
_bE799i
_222
100 _aEstévez de Jesús, Felíx
_eautor
_988015
245 0 3 _aInteractive grammar course :
_bintr enpro interactive english program /
_cFelíx Estévez de Jesús
264 _aSantiago de los Caballeros :
_bEditora no identificada,,
_c2012.
300 _a75 páginas :
_bilustraciones ;
_c26 cm
336 _ardacontent
_btexto
_2txt
337 _ardamedia
_bsin mediación
_2n
338 _ardacarrier
_bvolumen
_2nc
590 _aInventariado, 2025/DG
650 _988000
651 _988001
910 _aDG
942 _2ddc
_cLBS1
999 _c59161
_d59161